Wskaż województwo w jakim znajduje się dane miasto - Statystyki

Ogólne statystyki
  • Ten quiz został rozwiązany 576 razy
  • Średni wynik to 12 z 18
Statystyki odpowiedzi
Nazwa Liczba ludności (tys.) Województwo % Poprawnych
Wejherowo 50 pomorskie
88%
Stargard 68 zachodniopomorskie
84%
Bochnia 30 małopolskie
79%
Łowicz 28,5 łódzkie
77%
Szczyrk 6 śląskie
77%
Kłodzko 27 dolnośląskie
76%
Świebodzin 22 lubuskie
75%
Ciechocinek 10,5 kujawsko - pomorskie
72%
Krasnystaw 19 lubelskie
72%
Ustrzyki Dolne 9 podkarpackie
71%
Hajnówka 20,5 podlaskie
69%
Radzymin 12 mazowieckie
66%
Dobre Miasto 10 warmińsko - mazurskie
59%
Prudnik 21 opolskie
58%
Wągrowiec 25,5 wielkopolskie
58%
Pińczów 11 świętokrzyskie
55%
Przysucha 6 mazowieckie
46%
Poniatowa 11 lubelskie
40%
Nie znaleziono quizów pasujących do podanych kryteriów
Rozkład punktacji
Procent ludzi z każdym wynikiem
Percentyl według liczby udzielonych odpowiedzi
Twoja historia wyników
Nie rozwiązałeś tego quizu